000 00728nam a2200253Ia 4500
003 OSt
005 20221006152344.0
006 a|||||r|||| 00| 0
007 ta
008 221006b |||||||| |||| 00| 0 eng d
020 _a8185229619
_c500.00
024 _a26,663
037 _cTextual
040 _aEASL
_cEASL
_beng
041 _2eng
_aeng
082 _aV41:192.N9, P1
100 _aDESHPANDE G P Ed.
_9143285
245 0 _a50 years of India-China
_b Crossing a bridge of dreams
260 _aNew Delhi
_bTulika India
_c2001
300 _a538p.
_ccm.
700 _a ACHARYA Alka Ed.
942 _hV41:192.N9, P1
_cTEXL
_2CC
999 _c1094749
_d1094749